000 00678nam a2200205 i 4500
001 123383
003 ES-MaACL
005 20250918063033.0
007 t|
008 070214s1933 sp r ||||1| spa d
100 1 _aRadbruch, Gustav,
_d1878-1949
_994907
245 1 0 _aFilosofía del derecho /
_cGustav Radbruch ; traducida por José Medina Echevarría.
260 _aMadrid :
_bRevista de Derecho Privado,
_c1933 (
_fImp. Helénica)
300 _aVIII, 278 p. ;
_c24 cm.
650 4 _aDerecho-
_xFilosofía
_911620
700 1 _aMedina Echevarría, José.
_979735
852 _aES-MaACL
_jA-4944
_bR.16995
852 _aES-MaACL
_jA-1762
999 _c123383
_d123383